|
|
|
|
| LEADER |
00000cam a22000004a 4500 |
| 001 |
musev2_20076 |
| 003 |
MdBmJHUP |
| 005 |
20230905042141.0 |
| 006 |
m o d |
| 007 |
cr||||||||nn|n |
| 008 |
130906s2011 quc o 00 0 fre d |
| 020 |
|
|
|a 9782760531222
|
| 020 |
|
|
|z 9782760531215
|
| 035 |
|
|
|a (OCoLC)867786003
|
| 040 |
|
|
|a MdBmJHUP
|c MdBmJHUP
|
| 245 |
0 |
0 |
|a Initiatives locales et lutte contre la pauvreté et l'exclusion /
|c sous la direction de Juan-Luis Klein et Christine Champagne.
|
| 264 |
|
1 |
|a Quebec :
|b Presses de l'Universite du Quebec,
|c 2011.
|
| 264 |
|
3 |
|a Baltimore, Md. :
|b Project MUSE,
|c 2013
|
| 264 |
|
4 |
|c ©2011.
|
| 300 |
|
|
|a 1 online resource (352 pages).
|
| 336 |
|
|
|a text
|b txt
|2 rdacontent
|
| 337 |
|
|
|a computer
|b c
|2 rdamedia
|
| 338 |
|
|
|a online resource
|b cr
|2 rdacarrier
|
| 490 |
0 |
|
|a Collection Innovation sociale
|
| 546 |
|
|
|a French.
|
| 588 |
|
|
|a Description based on print version record.
|
| 650 |
|
7 |
|a Social integration.
|2 fast
|0 (OCoLC)fst01122550
|
| 650 |
|
7 |
|a Poor
|x Services for.
|2 fast
|0 (OCoLC)fst01071142
|
| 650 |
|
7 |
|a Marginality, Social
|x Prevention.
|2 fast
|0 (OCoLC)fst01009165
|
| 650 |
|
7 |
|a Economics
|x Sociological aspects.
|2 fast
|0 (OCoLC)fst00902213
|
| 650 |
|
7 |
|a BUSINESS & ECONOMICS
|x Development
|x Economic Development.
|2 bisacsh
|
| 650 |
|
6 |
|a Integration sociale
|z Quebec (Province)
|
| 650 |
|
6 |
|a Pauvres
|x Services
|z Quebec (Province)
|
| 650 |
|
0 |
|a Economics
|z Quebec (Province)
|x Sociological aspects.
|
| 650 |
|
0 |
|a Economics
|x Sociological aspects.
|
| 650 |
|
0 |
|a Social integration
|z Quebec (Province)
|
| 650 |
|
0 |
|a Marginality, Social
|z Quebec (Province)
|x Prevention.
|
| 650 |
|
0 |
|a Poor
|x Services for
|z Quebec (Province)
|
| 651 |
|
7 |
|a Quebec.
|2 fast
|0 (OCoLC)fst01207316
|
| 655 |
|
7 |
|a Electronic books.
|2 local
|
| 700 |
1 |
|
|a Champagne, Christine,
|d 1980-
|
| 700 |
1 |
|
|a Klein, Juan-Luis.
|
| 710 |
2 |
|
|a Project Muse.
|e distributor
|
| 830 |
|
0 |
|a Book collections on Project MUSE.
|
| 856 |
4 |
0 |
|z Texto completo
|u https://projectmuse.uam.elogim.com/book/20076/
|
| 945 |
|
|
|a Project MUSE - Custom Collection
|
| 945 |
|
|
|a Project MUSE - 2011 Complete Supplement
|
| 945 |
|
|
|a Project MUSE - 2011 Political Science and Policy Studies Supplement
|